[Event "GER-chT Nord-West U20 1112"]
[Site "Germany"]
[Date "2012.05.13"]
[Round "9.5"]
[White "Martens, Julian"]
[Black "Beinke, Lukas"]
[Result "1/2-1/2"]
[WhiteElo "1605"]
[BlackElo "1799"]
[PlyCount "118"]
[EventDate "2011.09.24"]
[EventType "team-tourn"]
[EventRounds "9"]
[EventCountry "GER"]
[SourceTitle "EXT 2015"]
[Source "ChessBase"]
[SourceDate "2014.11.20"]
[SourceVersion "1"]
[SourceVersionDate "2014.11.20"]
[SourceQuality "1"]

1. b3 e5 2. Bb2 Nc6 3. c4 d6 4. e3 Bd7 5. Nf3 Nge7 6. d4 e4 7. Nfd2 f5 8. Be2 Ng6 9. g3 Qg5 10. a3 Kf7 11. Nc3 Nce7 12. h4 Qh6 13. h5 Kg8 14. Rf1 f4 15. hxg6 f3 16. Nxf3 exf3 17. Bxf3 Qxg6 18. Bxb7 Re8 19. Be4 Qg5 20. Qd2 Bg4 21. f3 Bd7 22. Qf2 Nf5 23. Kd2 Nxd4 24. Bc2 Nxc2 25. Kxc2 Qxe3 26. Qxe3 Rxe3 27. Rae1 Rxe1 28. Rxe1 Kf7 29. Kd2 Be7 30. Nd5 Bd8 31. f4 Re8 32. Rxe8 Bxe8 33. Bd4 c6 34. Ne3 c5 35. Bc3 g6 36. Kd3 Bc6 37. Bb2 Ke6 38. Ke2 h5 39. Bc3 Be4 40. Be1 Bf6 41. Kd2 Bb2 42. a4 Bf6 43. Bf2 a6 44. Be1 d5 45. cxd5+ Bxd5 46. Nxd5 Kxd5 47. Ke3 Bd4+ 48. Kf3 Bf6 49. Ke3 g5 50. fxg5 Bxg5+ 51. Kd3 Bf6 52. Bf2 Be5 53. Be1 Bd4 54. Bd2 Ke5 55. Bf4+ Kf5 56. Bd6 Bf2 57. Ke2 Bg1 58. Kf3 Bd4 59. Bc7 Bc3 1/2-1/2

[Event "Schleswig Holstein-ch U16 M"]
[Site "Neumuenster"]
[Date "2010.04.07"]
[Round "4"]
[White "Martens, Julian"]
[Black "Rublack, Valentin"]
[Result "1-0"]
[WhiteElo "1539"]
[BlackElo "1788"]
[PlyCount "47"]
[EventDate "2010.04.05"]
[EventType "tourn"]
[EventRounds "9"]
[EventCountry "GER"]
[SourceTitle "EXT 2023"]
[Source "ChessBase"]
[SourceDate "2022.10.05"]
[SourceVersion "1"]
[SourceVersionDate "2022.10.05"]
[SourceQuality "1"]

1. e4 e5 2. Nf3 Nc6 3. Bc4 Bc5 4. c3 Nf6 5. d4 exd4 6. cxd4 Bb4+ 7. Bd2 Bxd2+ 8. Nbxd2 d5 9. exd5 Nxd5 10. 0-0 0-0 11. Qc2 Re8 12. Rfe1 Be6 13. a3 Qf6 14. Nb3 Bf5 15. Qd2 Nb6 16. Bb5 a6 17. Bxc6 Qxc6 18. Rac1 Qd6 19. Nc5 Qd5 20. Qf4 c6 21. Nxb7 Nc4 22. Rxe8+ Rxe8 23. b3 Qb5 24. bxc4 1-0

[Event "Harburg-chH 6th"]
[Site "Hamburg"]
[Date "2008.07.18"]
[Round "1"]
[White "Schwirz, Horst"]
[Black "Martens, Julian"]
[Result "1/2-1/2"]
[WhiteElo "1468"]
[BlackElo "1527"]
[PlyCount "42"]
[EventDate "2008.07.18"]
[EventType "tourn"]
[EventRounds "5"]
[EventCountry "GER"]
[SourceTitle "EXT 2009"]
[Source "ChessBase"]
[SourceDate "2008.11.26"]
[SourceVersion "1"]
[SourceVersionDate "2008.11.26"]
[SourceQuality "1"]

1. d4 d5 2. Nf3 e6 3. e3 Nf6 4. Bd3 b6 5. Qe2 Bb7 6. 0-0 c5 7. b3 Be7 8. Bb2 Nbd7 9. Nbd2 0-0 10. Rac1 Rc8 11. Ne5 Nxe5 12. dxe5 Nd7 13. f4 g6 14. c4 f5 15. exf6 Bxf6 16. Nf3 Qe7 17. Bxf6 Qxf6 18. cxd5 exd5 19. Qf2 Rce8 20. Rce1 Re7 21. Qh4 Qxh4 1/2-1/2

[Event "Schleswig Holstein-ch U14 MT"]
[Site "Neumuenster"]
[Date "2008.03.28"]
[Round "7"]
[White "Martens, Julian"]
[Black "Oltzen, Aljoscha"]
[Result "1-0"]
[WhiteElo "1389"]
[BlackElo "1255"]
[PlyCount "65"]
[EventDate "2008.03.24"]
[EventType "tourn"]
[EventRounds "9"]
[EventCountry "GER"]
[SourceTitle "EXT 2009"]
[Source "ChessBase"]
[SourceDate "2008.11.26"]
[SourceVersion "1"]
[SourceVersionDate "2008.11.26"]
[SourceQuality "1"]

1. e4 e6 2. d4 d5 3. e5 c5 4. c3 Nc6 5. Nf3 Qb6 6. Bd3 cxd4 7. cxd4 Bd7 8. Bc2 Nb4 9. Bb3 Rc8 10. 0-0 Ne7 11. Nc3 Nf5 12. Be3 Be7 13. Qe2 Nxe3 14. fxe3 0-0 15. a3 Nc6 16. Ba2 f6 17. exf6 Rxf6 18. b4 a6 19. Qd3 Rh6 20. Rf2 Qc7 21. Ne2 Rf8 22. e4 dxe4 23. Qxe4 Bd6 24. g3 Rff6 25. Raf1 Kh8 26. Ng5 Rxf2 27. Rxf2 Be8 28. Nxe6 Qe7 29. Rf8+ Qxf8 30. Nxf8 Bg6 31. Nxg6+ hxg6 32. Qe8+ Kh7 33. Qg8# 1-0

[Event "GER-ch U12"]
[Site "Willingen"]
[Date "2006.06.03"]
[Round "1"]
[White "Marquardt, Patrick"]
[Black "Martens, Julian"]
[Result "1-0"]
[WhiteElo "1505"]
[BlackElo "1067"]
[PlyCount "47"]
[EventDate "2006.06.03"]
[EventType "swiss"]
[EventRounds "11"]
[EventCountry "GER"]
[SourceTitle "EXT 2007"]
[Source "ChessBase"]
[SourceDate "2006.11.23"]
[SourceVersion "1"]
[SourceVersionDate "2006.11.23"]
[SourceQuality "1"]

1. e4 e5 2. Nf3 Nc6 3. Bc4 Bc5 4. c3 Nf6 5. d4 exd4 6. cxd4 Bb4+ 7. Nc3 Nxe4 8. 0-0 Bxc3 9. d5 Ne7 10. bxc3 d6 11. Qd4 Nf6 12. Bg5 Bg4 13. Bxf6 Bxf3 14. Bxe7 Kxe7 15. gxf3 Kf8 16. Rfe1 Qd7 17. Re4 Rg8 18. Rae1 Qf5 19. Qe3 Qd7 20. Re7 Qa4 21. Bb3 Qb5 22. Rxf7+ Kxf7 23. Qe6+ Kf8 24. Qe7# 1-0

[Event "Schleswig Holstein-ch U12"]
[Site "Neumuenster"]
[Date "2006.04.06"]
[Round "9"]
[White "Von Karger, Viktor"]
[Black "Martens, Julian"]
[Result "0-1"]
[WhiteElo "1263"]
[BlackElo "956"]
[PlyCount "80"]
[EventDate "2006.04.02"]
[EventType "swiss"]
[EventRounds "11"]
[EventCountry "GER"]
[SourceTitle "EXT 2007"]
[Source "ChessBase"]
[SourceDate "2006.11.23"]
[SourceVersion "1"]
[SourceVersionDate "2006.11.23"]
[SourceQuality "1"]

1. d4 d5 2. c4 Nf6 3. Nc3 e6 4. Bg5 Nc6 5. Nf3 Be7 6. Bxf6 Bxf6 7. e3 b6 8. Be2 Ba6 9. cxd5 Bxe2 10. Qxe2 exd5 11. 0-0 Qd7 12. Rac1 Na5 13. e4 Qe6 14. Nxd5 Bd8 15. Rxc7 0-0 16. Rfc1 Qd6 17. R7c3 Re8 18. Ne5 f6 19. Qh5 Rf8 20. Nc6 Nb7 21. Rh3 h6 22. Rg3 Rf7 23. Qxh6 Qxg3 24. hxg3 gxh6 25. f4 Na5 26. Nxa5 bxa5 27. e5 Kg7 28. e6 Rb7 29. Re1 Be7 30. b3 Rd8 31. Nxe7 Rxe7 32. Re4 f5 33. Re5 Kf6 34. d5 h5 35. Kh2 Rh8 36. d6 Rxe6 37. Rxe6+ Kxe6 38. Kh3 Kxd6 39. Kh4 Rg8 40. Kh3 Kc5 0-1

[Event "Schleswig Holstein-ch U12"]
[Site "Neumuenster"]
[Date "2006.04.04"]
[Round "6"]
[White "Marx, Inge"]
[Black "Martens, Julian"]
[Result "0-1"]
[WhiteElo "1139"]
[BlackElo "956"]
[PlyCount "92"]
[EventDate "2006.04.02"]
[EventType "swiss"]
[EventRounds "11"]
[EventCountry "GER"]
[SourceTitle "EXT 2007"]
[Source "ChessBase"]
[SourceDate "2006.11.23"]
[SourceVersion "1"]
[SourceVersionDate "2006.11.23"]
[SourceQuality "1"]

1. e4 e5 2. Nf3 Nc6 3. Bc4 Bc5 4. Nc3 Nf6 5. 0-0 d6 6. d3 Bg4 7. Be3 Bxe3 8. fxe3 Qd7 9. Nd5 Nxd5 10. Bxd5 Na5 11. Qe1 Nc6 12. Nd2 Be6 13. Bxe6 Qxe6 14. Qf2 f6 15. Qg3 Rg8 16. Rf3 0-0-0 17. Nb3 Nb4 18. Raf1 Rdf8 19. a3 Nxc2 20. Qh3 Re8 21. Qxe6+ Rxe6 22. Rc1 Nxe3 23. Rxe3 g6 24. Na5 b6 25. Nc6 Kb7 26. a4 a5 27. b4 axb4 28. Nxb4 Ra8 29. Nd5 c6 30. Nc3 f5 31. exf5 gxf5 32. g3 d5 33. Rf3 Rf6 34. g4 Rg8 35. h3 h5 36. Rxf5 Rxf5 37. Rc2 hxg4 38. hxg4 Rxg4+ 39. Kh1 Rh5+ 40. Rh2 Rxh2+ 41. Kxh2 d4 42. Ne2 e4 43. dxe4 Rxe4 44. Ng3 Rf4 45. Kg2 d3 46. Nh5 Rxa4 0-1